000 00788nas a2200277 4500
001 BR2013000067
003 BR-BrBNA
005 20231205121742.0
007 ta
008 230509b bl.|||p| |||| 00| 00por d
040 _aBR-BrBNA
_bpor
_cBiblioteca Nacional de Agricultura
041 _a(En)
072 _aF03
100 1 _aDias, M.A.N.
100 1 _aSugianto, D.
100 1 _aGuner, N.
100 1 _aHassan, M.
245 1 _aSeed sowing orientation related to seed coat adherence on watermelon
650 _aMELANCIA
650 _aSEMENTE
650 _aPLÂNTULA
650 _aTEGUMENTO
773 0 _tRevista de Agricultura (Brazil)
_xISSN 0034-7655
_g(Dec 2012), v. 87(3) p. 194-201
_wBR2013000067
909 _a202311
_bLúcia
_c55
_dLúcia Elande
942 _2AGRIS
_n0
_cANA
999 _c225064
_d225064